[Event "EU-ch U18"]
[Site "Zagan"]
[Date "1995.??.??"]
[Round "7"]
[White "Boudenne, Jean"]
[Black "Chernuschevich, Alexei"]
[Result "0-1"]
[WhiteElo "2270"]
[BlackElo "2325"]

1.e4 c5 2.Nf3 e6 3.d4 cxd4 4.Nxd4 a6 5.Bd3 Qc7 6.O-O Nf6 7.Nc3 Nc6 8.Be3 b5
9.a3 Bb7 10.Kh1 Ne5 11.h3 Nc4 12.Bc1 Be7 13.Qe2 Rc8 14.f4 d6 15.b3 Qc5 16.Nf3 Nb6
17.Be3 Qxc3 18.Bxb6 Qc6 19.Bd4 Nxe4 20.Kh2 O-O 21.Ng5 Nxg5 22.fxg5 e5 23.Be3 e4  0-1

[Event "Zalakaros op"]
[Site "Zalakaros"]
[Date "1995.??.??"]
[Round "8"]
[White "Turzo, Attila"]
[Black "Szekely, Csaba"]
[Result "1/2-1/2"]
[WhiteElo "2265"]
[BlackElo "2245"]

1.e4 c5 2.Nf3 e6 3.d4 cxd4 4.Nxd4 a6 5.Bd3 Nf6 6.O-O Qc7 7.Qe2 d6 8.f4 Nbd7
9.c4 b6 10.b3 Bb7 11.Bb2 Nc5 12.Nd2 Nxd3 13.Qxd3 Be7 14.Rae1 O-O 15.Kh1 Rfe8
16.Qg3 Rac8 17.e5 Nh5 18.Qg4 g6 19.Nxe6 fxe6 20.Qxe6+ Kf8 21.f5 Bf6 22.exf6 Rxe6
23.fxe6 Qc5 24.Ne4 Bxe4 25.Rxe4 g5 26.Rfe1 Re8 27.g3 Qf5 28.f7 Re7 29.Ba3 Nxg3+
30.hxg3 Qh3+ 31.Kg1 Qxg3+ 32.Kh1 Qh3+ 33.Kg1 Qg3+ 34.Kh1 Qf3+ 35.Kg1 Qg3+
36.Kh1  1/2-1/2

[Event "Donner mem op"]
[Site "Amsterdam"]
[Date "1996.??.??"]
[Round "3"]
[White "Van Blitterswijk, Stefan"]
[Black "Conquest, Stuart"]
[Result "0-1"]
[WhiteElo "2320"]
[BlackElo "2585"]

1.e4 c5 2.Nf3 e6 3.d4 cxd4 4.Nxd4 a6 5.Bd3 Bc5 6.Nb3 Ba7 7.Qe2 Nc6 8.Be3 Nge7
9.Nc3 d6 10.O-O e5 11.Bxa7 Rxa7 12.Bc4 O-O 13.Rad1 b5 14.Bd5 b4 15.Na4 a5
16.c4 bxc3 17.bxc3 Qc7 18.Qe3 Ba6 19.Rfe1 Rb8 20.Rc1 Rab7 21.Nb2 Nxd5 22.exd5 Ne7
23.c4 Rb4 24.f4 a4 25.fxe5 axb3 26.exd6 Qxd6 27.c5 Qxd5 28.Qxe7 Qd4+ 29.Kh1 h6
30.a3 R4b7 31.Qe5 Qxe5 32.Rxe5 Rd7 33.c6 Rd2 34.Rb1 Rc2 35.Ra5 Rxc6 36.Kg1 Rd8
37.Na4 Rd2 38.Nc3 b2 39.Rf1 Rc2 40.Rxa6 Rxa6  0-1

[Event "Amsterdam m1"]
[Site "Amsterdam"]
[Date "1996.??.??"]
[Round "3"]
[White "De Vreugt, Dennis"]
[Black "Van der Wiel, John TH"]
[Result "1/2-1/2"]
[WhiteElo "2265"]
[BlackElo "2535"]

1.e4 c5 2.Nf3 e6 3.d4 cxd4 4.Nxd4 a6 5.Bd3 Nf6 6.O-O d6 7.Qe2 Nbd7 8.c4 g6
9.Nc3 Bg7 10.Rd1 O-O 11.Nf3 Qc7 12.Bf4 Ng4 13.Rac1 Nge5 14.Nxe5 Nxe5 15.Bg3 Bd7
16.f4 Nxd3 17.Qxd3 Bc6 18.b3 Qa5 19.Be1 Qb6+ 20.Bf2 Qa5 21.Be1 Qb6+ 22.Kh1 Rad8
23.Bh4 Rd7 24.Nd5 exd5 25.exd5 Re8 26.dxc6 Qxc6 27.Rc2 Qe4 28.Qxe4 Rxe4 29.g3 h6
30.Kg2 f6 31.Kf3 Rde7 32.g4 Re3+ 33.Kf2 R3e4 34.Bg3 f5 35.gxf5 gxf5 36.Rxd6 h5
37.Rd5 h4 38.Bxh4 Rxf4+ 39.Kg3 Ree4 40.Bd8 Rg4+ 41.Kf3 Ref4+ 42.Ke2 Re4+
43.Kf3 Rgf4+ 44.Kg2 Rg4+ 45.Kf3 Rgf4+  1/2-1/2

[Event "Donner mem op"]
[Site "Amsterdam"]
[Date "1996.??.??"]
[Round "4"]
[White "Van der Wiel, John TH"]
[Black "Miezis, Normunds"]
[Result "1/2-1/2"]
[WhiteElo "2535"]
[BlackElo "2530"]

1.e4 c5 2.Nf3 e6 3.d4 cxd4 4.Nxd4 a6 5.Bd3 Nc6 6.Nxc6 dxc6 7.Nd2 e5 8.Qh5 Bd6
9.Nc4 Nf6 10.Nxd6+ Qxd6 11.Qh4 Nd7 12.O-O Nc5 13.Be3 Nxd3 14.Rfd1 Qe7 15.Qxe7+ Kxe7
16.Rxd3 f6 17.Rb3 Rd8 18.Kf1 Rb8 19.Ba7 Ra8 20.Bb6 Rd2 21.Rc1 Ke8 22.Ke1 Rd6
23.Bc5 Rd8 24.a4 b5 25.a5 Be6 26.Rc3 Rac8 27.b3 Kf7 28.Rd1 Bg4 29.Rdd3 h5
30.h4 Be6 31.f3 Rg8 32.Be3 Ke7 33.Bc5+ Kf7 34.Rd6 Rgd8 35.Rcd3 Rg8 36.Be3 Ke7
37.Bc5 Kf7 38.Be3 Ke7 39.Kf2 Kf7 40.Rc3 Ke7 41.Rdxc6 Kd7 42.R6c5 Rxc5 43.Bxc5 Rc8
44.Ke3 Ke8 45.Kd2 g6 46.Bd6 Rxc3 47.Kxc3 Kd7 48.Bf8 f5 49.Kb4 fxe4 50.fxe4 Kc6
51.Bg7 Kd6 52.Bf8+ Kc6 53.c4 bxc4 54.bxc4 Bc8 55.Bg7 Kd6 56.c5+ Kd7 57.c6+  1/2-1/2

[Event "Donner mem op"]
[Site "Amsterdam"]
[Date "1996.??.??"]
[Round "10"]
[White "Bosch, Jeroen"]
[Black "Miezis, Normunds"]
[Result "1/2-1/2"]
[WhiteElo "2425"]
[BlackElo "2530"]

1.e4 c5 2.Nf3 e6 3.d4 cxd4 4.Nxd4 a6 5.Bd3 Nc6 6.Nxc6 dxc6 7.Nd2 e5 8.Qh5 Bd6
9.Nc4 Nf6 10.Nxd6+ Qxd6 11.Qe2 Be6 12.O-O Nd7 13.b3 O-O 14.a4 Rfc8 15.Rd1 Qe7
16.a5 Nf8 17.Be3 Ng6 18.g3 Qf6 19.Bb6 Qg5 20.Be3 Qf6 21.Qh5 h6 22.Bb6 Nf8
23.Bf1 Nd7 24.Be3 Qe7 25.Bh3 Rd8 26.Bxe6 Qxe6 27.Qh4 Nf6 28.Bb6 Rxd1+ 29.Rxd1 Kh7
30.Be3 Rg8 31.Kg2 g5 32.Qh3 Nxe4 33.Qxe6 fxe6 34.c4 Nf6 35.Bb6 Kg6 36.h3 h5
37.Bd8 Nd5 38.Bb6 Nf6 39.Bc7 Kf5 40.f3 g4 41.fxg4+ hxg4 42.Rf1+ Kg6 43.Bxe5 gxh3+
44.Kxh3 Nd7 45.Bd4 e5 46.Be3 Nf6 47.Bb6 Rg7 48.Re1 Kf5 49.Rf1+ Ke6 50.g4 Rh7+
51.Kg3 Ne4+ 52.Kg2 Rh4 53.Rf8 Rxg4+ 54.Kf3 Rh4 55.Re8+ Kf5 56.Rf8+ Kg6 57.Rg8+ Kf7
58.Rb8 Nd6 59.Bc5 e4+ 60.Ke2 Nf5 61.Rxb7+ Ke6 62.Rc7 Rh2+ 63.Ke1 Ke5 64.Rxc6 Rb2
65.Rxa6 e3 66.Bxe3 Nxe3 67.Ra8 Kd4 68.Rd8+ Kc5 69.a6 Ra2 70.a7 Rxa7 71.Kd2 Nxc4+
72.bxc4 Kxc4  1/2-1/2

[Event "Andorra"]
[Site "Andorra"]
[Date "1996.??.??"]
[Round "9"]
[White "Gallego, Ruben"]
[Black "Vehi Bach, Victor Manuel"]
[Result "1-0"]
[WhiteElo "2255"]
[BlackElo "2365"]

1.e4 c5 2.Nf3 e6 3.d4 cxd4 4.Nxd4 a6 5.Bd3 Bc5 6.Nb3 Ba7 7.Nc3 Nc6 8.O-O Nge7
9.Kh1 O-O 10.f4 f5 11.Qe2 b5 12.Be3 Nb4 13.Bxa7 Rxa7 14.e5 Qc7 15.a3 Nxd3
16.Qxd3 Bb7 17.Rad1 Nd5 18.Nxd5 Bxd5 19.Rf2 Be4 20.Qd2 g5 21.c3 Rf7 22.Qd6 gxf4
23.Nc5 Qxd6 24.Rxd6 Rc7 25.Nxa6 Rc4 26.Nb8 Rc7 27.Rxf4 Kf8 28.Rf2 Ke8 29.Na6 Rc4
30.Rf1 Bb7 31.Nb4 Rc5 32.Nd3 Rd5 33.Rxd5 Bxd5 34.Nf4 Bc4 35.Rf2 Kd8 36.Rd2 Kc7
37.g3 Rf8 38.Kg1 Ra8 39.Rd6  1-0

[Event "Ano Liosia op"]
[Site "Ano Liosia"]
[Date "1996.??.??"]
[Round "6"]
[White "Sklavounos, Panayotis"]
[Black "Musaev, Samir"]
[Result "0-1"]
[WhiteElo "2150"]
[BlackElo "2200"]

1.e4 c5 2.Nf3 e6 3.d4 cxd4 4.Nxd4 a6 5.Bd3 d6 6.O-O Nf6 7.Nc3 Be7 8.Be3 O-O
9.f4 Qc7 10.Qf3 Nc6 11.a3 Bd7 12.Rae1 b5 13.Nxc6 Bxc6 14.Bd4 e5 15.fxe5 dxe5
16.Qg3 Nd7 17.Nd5 Bxd5 18.exd5 Bd6 19.Qh4 g6 20.Be3 Bc5 21.Kh1 Bxe3 22.Rxe3 f5
23.c4 e4 24.cxb5 Nf6 25.Be2 Nxd5 26.Rh3 axb5 27.Bxb5 Nf6 28.Rc3 Qe5 29.Bc4+ Kh8
30.Qf4 Qxf4 31.Rxf4 Rfd8 32.Kg1 Rd2 33.Rf2 e3 34.Rxd2 exd2 35.Rd3 Ne4 36.g3 Kg7
37.Kg2 Kf6 38.Kf3 g5 39.Ke2 Re8 40.Kf3 h5 41.a4 h4 42.a5 hxg3 43.hxg3 g4+
44.Kg2 Rc8 45.b3 Rh8 46.a6 Rh3 47.a7 Rxg3+ 48.Kh2 Rxd3 49.Bxd3 d1=Q 50.a8=Q Qd2+  0-1

[Event "AUT-chT2S 9697"]
[Site "Austria"]
[Date "1996.??.??"]
[Round "7"]
[White "Schlosser, Michael"]
[Black "Starc, Christian"]
[Result "1-0"]
[WhiteElo "2190"]
[BlackElo "2380"]

1.e4 c5 2.Nf3 e6 3.d4 cxd4 4.Nxd4 a6 5.Bd3 Nc6 6.Nxc6 dxc6 7.Nd2 Qc7 8.a4 b6
9.O-O Nf6 10.f4 e5 11.Nc4 Ng4 12.Qf3 Be6 13.Kh1 Bc5 14.a5 bxa5 15.Nxa5 h5
16.f5 Bc8 17.g3 Ba7 18.Bd2 Nf6 19.h3 Nd7 20.Kg2 Nc5 21.Bc4 Rb8 22.b3 Nd7
23.Be2 Bc5 24.Nc4 Bb4 25.Bc1 Be7 26.g4 h4 27.g5 Nc5 28.Nxe5 Qxe5 29.Bf4 Qb2
30.Bxb8 Qxc2  1-0

[Event "AUT-chT9596"]
[Site "?"]
[Date "1996.??.??"]
[Round "?"]
[White "Popovic, Petar"]
[Black "Atlas, Valeri"]
[Result "1-0"]
[WhiteElo "2570"]
[BlackElo "2440"]

1.e4 c5 2.Nf3 e6 3.d4 cxd4 4.Nxd4 a6 5.Bd3 Qb6 6.Nb3 Qc7 7.O-O d6 8.a4 Nf6
9.a5 Nbd7 10.Nc3 Nc5 11.Nxc5 dxc5 12.Qe2 Nd7 13.f4 g5 14.e5 b5 15.axb6 Qxb6
16.Kh1 gxf4 17.Bxf4 Bb7 18.Be4 Rg8 19.Qf3 O-O-O 20.Ra3 Qc7 21.Rb3 Bxe4 22.Nxe4 Nb6
23.Nd6+ Bxd6 24.exd6 Rxd6 25.Rxb6 Qxb6 26.Qa8+ Qb8 27.Qxb8+ Kxb8 28.Bxd6+ Kb7
29.Rxf7+ Kc6 30.Bg3 Rd8 31.h3 Rd1+ 32.Kh2 Rc1 33.Rxh7 Rxc2 34.Be5 a5 35.Ra7 Kd5
36.Bc3 e5 37.Rxa5 e4 38.Ra8 Kc4 39.Re8 Kd3 40.h4 Rf2 41.h5 Rf5 42.g4 Rf2+
43.Kg3 Rf3+ 44.Kh4 e3 45.h6 Rf1 46.Kh5 Rh1+ 47.Kg6  1-0

[Event "Bad Homburg"]
[Site "Bad Homburg"]
[Date "1996.??.??"]
[Round "4"]
[White "Unzicker, Wolfgang"]
[Black "Bezold, Michael"]
[Result "1/2-1/2"]
[WhiteElo "2460"]
[BlackElo "2495"]

1.e4 c5 2.Nf3 e6 3.d4 cxd4 4.Nxd4 a6 5.Bd3 Bc5 6.Nb3 Ba7 7.Qe2 Nc6 8.Be3 Nf6
9.Nc3 d6 10.O-O b5 11.a3 O-O 12.Rad1 e5 13.Bxa7 Rxa7 14.Qe3 Be6 15.Nd5 Rb7
16.c4 Nd7 17.cxb5 axb5 18.Be2 b4 19.a4 Na5 20.Ba6 Rb8 21.Nxa5 Qxa5 22.Ne7+ Kh8
23.Bb5 Qc7 24.Nc6 Ra8 25.Nxb4 Nc5 26.Nd5  1/2-1/2

[Event "Bad Woerishofen op"]
[Site "Bad Woerishofen"]
[Date "1996.??.??"]
[Round "6"]
[White "Wahls, Matthias"]
[Black "Espig, Lutz"]
[Result "1/2-1/2"]
[WhiteElo "2555"]
[BlackElo "2395"]

1.e4 c5 2.Nf3 e6 3.d4 cxd4 4.Nxd4 a6 5.Bd3 Bc5 6.Nb3 Ba7 7.Nc3 Nc6 8.Qe2 d6
9.Be3 b5 10.Bxa7 Rxa7 11.f4 Nf6 12.O-O-O b4 13.Na4 e5 14.f5 O-O 15.g4 d5
16.exd5 Nxd5 17.Kb1 Nf4 18.Qf3 Qc7 19.Be4 Nb8 20.Rd2 Bd7 21.Nbc5 Bxa4 22.Nxa4 Qa5
23.b3 Rd7 24.Rxd7 Nxd7 25.Rd1 Nc5 26.Nxc5 Qxc5 27.g5 Qe7 28.h4 Rd8 29.Kb2 Qc7
30.Rxd8+ Qxd8 31.Qe3 f6 32.c3 a5 33.a3 Qd6 34.axb4 axb4 35.Kc2 Qa6 36.cxb4 Ne2
37.Bd5+ Kh8 38.Kb2 Nd4 39.Qd2 Qf1 40.gxf6 gxf6 41.Qg2 Qxg2+ 42.Bxg2 Kg7 43.Kc3 Kf8
44.Be4 Ke7 45.Kc4 Ne2 46.Bd3 Nf4 47.Bc2 Kd6 48.b5 Ne2 49.Bb1 Ng3 50.b6 Kc6
51.b7 Kxb7 52.Kd5 Kc7 53.Ke6 e4 54.Kxf6 e3 55.Bd3 Kd6 56.Bc4 e2  1/2-1/2

[Event "Balatonalm di op"]
[Site "Balaton"]
[Date "1996.??.??"]
[Round "4"]
[White "Gara, Anita"]
[Black "Fancsy, Imre"]
[Result "1/2-1/2"]
[WhiteElo "2065"]
[BlackElo "2365"]

1.e4 c5 2.Nf3 e6 3.d4 cxd4 4.Nxd4 a6 5.Bd3 Qc7 6.O-O Nf6 7.c4 Nc6 8.Nxc6 dxc6
9.Be3 e5 10.f3 Nd7 11.Nd2 Bc5 12.Qe2 O-O 13.Kh1 Rd8 14.Nb3 Bxe3 15.Qxe3 c5
16.Nc1 Nf8 17.Ne2 Ne6 18.Nc3 Qd6 19.Nd5 Nd4 20.f4 f6 21.Qg3 exf4 22.Rxf4 Kh8
23.e5 Qxe5 24.Qh4 Bf5 25.Re1 Bxd3 26.Rxe5 fxe5 27.Rf7 Rf8 28.Qe7 Rxf7 29.Qxf7 Bxc4
30.Qxb7 Rf8 31.h3 Bxa2 32.Nc3 Bg8 33.Kg1 Nb5 34.Nxb5 axb5 35.Qxb5 c4 36.Qxe5 h6
37.g4 Rf3 38.Kh2 Rf6 39.Kg3 Re6 40.Qd4 Rf6 41.h4 Rg6 42.Qe4 Re6 43.Qf4 Rb6
44.Qe5 Re6 45.Qc5 Rg6 46.g5 Re6 47.Qd4 Ra6 48.Kf4 Rc6 49.Ke5 Rg6 50.Kf5 Rc6
51.Qd8  1/2-1/2

[Event "Balatonalm di op"]
[Site "Balaton"]
[Date "1996.??.??"]
[Round "5"]
[White "Galyas, Miklos"]
[Black "Izsak, Gyula"]
[Result "1/2-1/2"]
[WhiteElo "2300"]
[BlackElo "2435"]

1.e4 c5 2.Nf3 e6 3.d4 cxd4 4.Nxd4 a6 5.Bd3 Nf6 6.O-O d6 7.c4 Be7 8.Nc3 O-O
9.Be3 Nbd7 10.f3 Qc7 11.b3 Ne5 12.Be2 b5 13.f4  1/2-1/2

[Event "Balatonalm di op"]
[Site "Balaton"]
[Date "1996.??.??"]
[Round "7"]
[White "Carlsson, Daniel"]
[Black "Izsak, Gyula"]
[Result "0-1"]
[WhiteElo "2165"]
[BlackElo "2435"]

1.e4 c5 2.Nf3 e6 3.d4 cxd4 4.Nxd4 a6 5.Bd3 Nf6 6.Qe2 d6 7.f4 e5 8.Nf3 Nc6
9.Nc3 Be7 10.a4 O-O 11.O-O Bg4 12.Qf2 exf4 13.Bxf4 Bxf3 14.gxf3 Ne5 15.Kh1 Qa5
16.Bd2 Qc5 17.Qg2 g6 18.Bg5 Rfe8 19.Rae1 Rac8 20.f4 Nxd3 21.cxd3 Qd4 22.f5 Nd7
23.Bxe7 Rxe7 24.Nd5 Re5 25.fxg6 hxg6 26.Qh3 Re6 27.Rxf7 Kxf7 28.Rf1+ Nf6
29.Qh7+ Ke8 30.Qxg6+ Kd8 31.Nxf6 Qxd3 32.Qg8+ Kc7 33.Rc1+ Kb6 34.Nd7+ Ka7
35.Qg1+ Rc5 36.Rxc5 Qf3+ 37.Qg2 Qxg2+ 38.Kxg2 dxc5 39.Nxc5 Re5  0-1

[Event "Balatonbereny op"]
[Site "Balatonbereny"]
[Date "1996.??.??"]
[Round "3"]
[White "Anka, Emil"]
[Black "Tolnai, Tibor"]
[Result "0-1"]
[WhiteElo "2405"]
[BlackElo "2450"]

1.e4 c5 2.Nf3 e6 3.d4 cxd4 4.Nxd4 a6 5.Bd3 Nf6 6.Qe2 d6 7.O-O Be7 8.c4 Nc6
9.Be3 Nb4 10.f3 O-O 11.Nc3 Nxd3 12.Qxd3 Qc7 13.Rac1 b6 14.Kh1 Bb7 15.Qd2 Rac8
16.Na4 Nd7 17.Bg5 Bxg5 18.Qxg5 h6 19.Qe3 Qb8 20.b3 Rfe8 21.Qd2 Ba8 22.Nc3 Nf6
23.Qd3 Rc5 24.a4 Rh5 25.h3 d5 26.cxd5 exd5 27.exd5 Bxd5 28.Nxd5 Rxd5 29.Qc4 b5
30.axb5 axb5 31.Qc3 Qg3 32.Qb2 Qe5 33.Rcd1 Red8 34.f4 Qe4 35.Rfe1 Rxd4 36.Rxe4 Rxd1+
37.Kh2 Nxe4 38.Qe5 Nd2 39.Qxb5 Nf1+ 40.Kg1 Ng3+  0-1

[Event "Regionalliga NW9596"]
[Site "Bayern"]
[Date "1996.??.??"]
[Round "?"]
[White "Ehrler, Eberhard"]
[Black "Reis, Thomas"]
[Result "0-1"]
[WhiteElo "2170"]
[BlackElo "2080"]

1.e4 c5 2.Nf3 e6 3.d4 cxd4 4.Nxd4 a6 5.Bd3 g6 6.f4 Bg7 7.Nf3 Ne7 8.Qe2 O-O
9.Nbd2 Nbc6 10.O-O d6 11.c3 b5 12.Kh1 b4 13.c4 Qc7 14.Nb3 f5 15.Be3 e5 16.Qd2 Kh8
17.Rad1 Be6 18.exf5 gxf5 19.Ng5 Bg8 20.Be2 Rad8 21.Qc2 h6 22.Nf3 Nb8 23.Qc1 e4
24.Nfd4 Nd7 25.Nd2 Nc5 26.N4b3 Ne6 27.Nb1 Nc6 28.Rd2 a5  0-1

[Event "DVM U20"]
[Site "Berlin"]
[Date "1996.??.??"]
[Round "4"]
[White "Naumann, Alexander"]
[Black "Eichler, Christoph"]
[Result "1/2-1/2"]
[WhiteElo "2365"]
[BlackElo "2260"]

1.e4 c5 2.Nf3 e6 3.d4 cxd4 4.Nxd4 a6 5.Bd3 Bc5 6.Nb3 Ba7 7.Nc3 Nc6 8.Qe2 d6
9.O-O Nf6 10.a4 Qc7 11.Kh1 Bd7 12.Bg5 Nd4 13.Nxd4 Bxd4 14.Nd1 Qa5 15.Bd2 Qh5
16.Qxh5 Nxh5 17.Bb4 Bc5 18.Bxc5 dxc5 19.g3 Bc6 20.f3 b6 21.Ne3 Nf6 22.Kg1 Ke7
23.Nc4 Nd7 24.f4 Rhd8 25.Kf2 f6 26.Ra3 g5 27.Ke3 h6 28.Rb1 a5 29.Raa1 Rab8
30.b3 Bb7 31.Na3 Bc6 32.Rf1 Rg8 33.Rg1 Rg7 34.Rad1 Rbg8 35.fxg5 hxg5 36.Bb5 Bxb5
37.Nxb5 Rh7 38.Rd2  1/2-1/2

[Event "Bern op"]
[Site "Bern"]
[Date "1996.??.??"]
[Round "7"]
[White "Suetin, Alexey S"]
[Black "Gilles, Raphael"]
[Result "1/2-1/2"]
[WhiteElo "2460"]
[BlackElo "2275"]

1.e4 c5 2.Nf3 e6 3.d4 cxd4 4.Nxd4 a6 5.Bd3 g6 6.Nc3 Bg7 7.Be3 d6 8.Qd2 Nf6
9.h3 Nc6 10.Nb3 b5 11.Bh6 O-O 12.Bxg7 Kxg7 13.O-O b4 14.Ne2 a5 15.Qe3 e5
16.a4 Qe7 17.Bb5 Qc7 18.Ng3 h6 19.f4 Be6 20.Qf2 Ng8 21.f5 Bxb3 22.f6+ Kh7
23.cxb3 Nd4 24.Bc4 Qd8 25.Rad1 Ne6 26.Bxe6 fxe6 27.f7 Ne7 28.Qf6 Nc6 29.Qxe6 Nd4
30.Rxd4 exd4 31.Rf6  1/2-1/2

[Event "Bled op"]
[Site "Bled"]
[Date "1996.??.??"]
[Round "7"]
[White "Susnik, Matej"]
[Black "Ilijin, Neboisa"]
[Result "0-1"]
[WhiteElo "2255"]
[BlackElo "2315"]

1.e4 c5 2.Nf3 e6 3.d4 cxd4 4.Nxd4 a6 5.Bd3 Nf6 6.O-O Qc7 7.c4 Nc6 8.Nxc6 dxc6
9.Be3 e5 10.f3 Be6 11.Nc3 Nd7 12.a3 Bc5 13.Bxc5 Nxc5 14.b4 Nxd3 15.Qxd3 Rd8
16.Qe2 Rd4 17.Rfd1 Bxc4 18.Qe3 Qb6 19.Rxd4 Qxd4 20.Qxd4 exd4 21.Na4 Ke7 22.Rc1 Ba2
23.Nc5 b6 24.Na4 d3 25.Rxc6 d2 26.Nb2 Rd8 27.Kf2 d1=Q 28.Nxd1 Rxd1 29.Rxb6 Bc4
30.a4 Ra1 31.a5 Ra2+ 32.Ke3 Rxg2 33.h4 g6 34.Kd4 Bf1 35.e5 Rh2 36.Rb7+ Kf8
37.Rb8+ Kg7 38.Rb7 Rxh4+ 39.Kc5 Rc4+ 40.Kd5 Rf4 41.e6 Bc4+  0-1

[Event "Slovan op"]
[Site "Bratislava"]
[Date "1996.??.??"]
[Round "2"]
[White "Manik, Mikulas"]
[Black "Svobodova, Michaela"]
[Result "1-0"]
[WhiteElo "2345"]
[BlackElo "2150"]

1.e4 c5 2.Nf3 e6 3.d4 cxd4 4.Nxd4 a6 5.Bd3 g6 6.Nc3 Bg7 7.Be3 Ne7 8.O-O Nbc6
9.Nxc6 Nxc6 10.Na4 O-O 11.c4 d6 12.Be2 Rb8 13.Bb6 Qe7 14.Qd2 e5 15.c5 Nd4
16.Bd1 Be6 17.Re1 Rfe8 18.Qe3 d5 19.Nc3 dxe4 20.Nxe4 Bd5 21.Nd6 Nf5 22.Qd3 Nxd6
23.Qxd5 Nf5 24.Bb3 Nd4 25.Ba4 Qe6 26.Qxe6 Rxe6 27.Rad1 Bf8 28.Bc7 Rc8 29.Bxe5 Nc6
30.Bd6 Rxe1+ 31.Rxe1 Bxd6 32.cxd6 Rd8 33.Bxc6 bxc6 34.Rd1 Rd7 35.Kf1 Kf8
36.Ke2 Ke8 37.Ke3 Rb7 38.d7+ Rxd7 39.Rxd7 Kxd7 40.Kd4 Kd6 41.b4 h5 42.h4 f6
43.f4 Ke6 44.Kc5 Kf5 45.Kxc6 Kxf4 46.a4 Kg3 47.b5 axb5 48.axb5 f5 49.b6 f4
50.b7 Kxg2 51.b8=Q f3 52.Kd7 f2 53.Qb7+ Kg1 54.Qb6 Kg2 55.Qxg6+ Kh2 56.Qf5 Kg2
57.Ke6 f1=Q 58.Qxf1+ Kxf1 59.Kf5 Kf2 60.Kg5  1-0

[Event "GER-chT Federal Cup (Women)"]
[Site "Braunfels"]
[Date "1996.??.??"]
[Round "?"]
[White "Schubert, Silke"]
[Black "Jentsch, Katja"]
[Result "0-1"]
[WhiteElo "2095"]
[BlackElo "2115"]

1.e4 c5 2.Nf3 e6 3.d4 cxd4 4.Nxd4 a6 5.Bd3 Qc7 6.O-O Nf6 7.Kh1 Nc6 8.Nxc6 bxc6
9.f4 d5 10.Nd2 Be7 11.e5 Nd7 12.Qg4 g6 13.c3 Bb7 14.Nf3 c5 15.Be3 O-O-O 16.Qg3 Rdg8
17.Qf2 h6 18.Qe2 Qc6 19.b4 c4 20.Bc2 Rg7 21.Nd4 Qc7 22.a4 g5 23.g3 h5 24.a5 h4
25.gxh4 Rxh4 26.Rg1 Bf8 27.Qf2 Rh8 28.Rae1 Rhg8 29.Rxg5 Rxg5 30.fxg5 Nxe5
31.Bf4 Bd6 32.Qe2 Nd7 33.Bxd6 Qxd6 34.g6 fxg6 35.Qxe6 Qxe6 36.Rxe6 g5 37.Kg1 Kd8
38.Bf5 Kc7 39.Re7 Bc8 40.Bh7 Rh8 41.Bf5 Rg8 42.Be6 Rg6 43.Re8 Bb7 44.Bf5 Rf6
45.Rg8 Ne5 46.Rxg5 Nc6 47.Nxc6 Bxc6 48.Rg7+ Kd6 49.Bc8 Bb5 50.Kg2 Ke5 51.Rg4 Rf4
52.Rxf4 Kxf4 53.Kf2 d4 54.cxd4 Ke4 55.h4 c3 56.Ke1 Bd3 57.Kd1 Kxd4 58.Bd7 Ke5
59.b5 axb5 60.a6 b4 61.Bc8 b3 62.a7 b2  0-1

[Event "POL-ch (Women)"]
[Site "Brzeg Dolny"]
[Date "1996.??.??"]
[Round "7"]
[White "Brustman, Agnieszka"]
[Black "Guzkowska, Magdalena"]
[Result "1-0"]
[WhiteElo "2320"]
[BlackElo "2235"]

1.e4 c5 2.Nf3 e6 3.d4 cxd4 4.Nxd4 a6 5.Bd3 Nf6 6.O-O d6 7.c4 Be7 8.Nc3 Nbd7
9.b3 O-O 10.Bb2 Nc5 11.Bc2 Qc7 12.Rc1 b6 13.Qe2 Bb7 14.f4 e5 15.fxe5 dxe5
16.Nf5 Bd8 17.Nd5 Nxd5 18.exd5 f6 19.b4 Nd7 20.Bb3 Kh8 21.Kh1 g6 22.Nh4 Be7
23.Qd2 Rfd8 24.Nxg6+ hxg6 25.Qh6+ Kg8 26.d6 Bxg2+ 27.Kxg2  1-0

[Event "Bucharest"]
[Site "Bucharest"]
[Date "1996.??.??"]
[Round "?"]
[White "Nevednichy, Vladislav"]
[Black "Badea, Bela"]
[Result "*"]
[WhiteElo "2505"]
[BlackElo "2520"]

1.e4 c5 2.Nf3 e6 3.d4 cxd4 4.Nxd4 a6 5.Bd3 g6 6.b3 Bg7 7.Bb2 Qb6 8.c3 Nc6
9.Nxc6 bxc6 10.Qc2 d6 11.c4 Bxb2 12.Qxb2 e5 13.Nc3 Ne7 14.O-O O-O 15.Na4 Qc7
16.f4 exf4 17.Rxf4 c5 18.Raf1 Nc6 19.Nc3 Be6 20.Qd2 Qe7 21.Be2 Ne5 22.Rf6 Nd7
23.R6f2 Ne5 24.h3 Kg7  *

[Event "Schneider mem op "]
[Site "Budapest"]
[Date "1996.??.??"]
[Round "?"]
[White "Semenova, Irina"]
[Black "Pavlin, Vladimir"]
[Result "1/2-1/2"]
[WhiteElo "2180"]
[BlackElo "2330"]

1.e4 c5 2.Nf3 e6 3.d4 cxd4 4.Nxd4 a6 5.Bd3 Nf6 6.c4 Qc7 7.O-O Nc6 8.Nxc6 dxc6
9.Be3 e5 10.f3 Be6 11.c5 Nd7 12.Qc2 Be7 13.Nd2 O-O 14.b4 a5 15.a3 axb4 16.axb4 b5
17.Qb2 Qb7 18.Rfc1 Rfd8 19.Rc3 Ra4 20.Bc2 Raa8 21.Rca3 h6 22.Bb3 Rxa3 23.Rxa3 Bxb3
24.Nxb3 Nf8 25.Qa1 Rd3 26.Na5 Rxa3 27.Qxa3 Qd7 28.Qc3 Ne6 29.Qd2 Nd4 30.Nb3 Bf6
31.Bxd4 exd4 32.f4 Qe6 33.Nxd4 Qxe4 34.Ne2 Qb1+ 35.Kf2 Bh4+ 36.g3 Bf6 37.h4 Qe4
38.Kf1 Qf3+ 39.Ke1 g6 40.Qc2 h5 41.Qd2 Qe4 42.Kf2 Kg7 43.Kf1 Qb1+ 44.Kf2 Qb2
45.Ke1 Qb3 46.Kf2 Qc4 47.Kf3 Qb3+ 48.Kf2 Qc4 49.Kf3 Qb3+ 50.Kf2 Qb2 51.Ke1 Kg8
52.Qxb2 Bxb2 53.Kd2 Kg7 54.Kc2 Ba1 55.Kb1 Bf6 56.Kc2 Kf8 57.Kd3 Ke7 58.Ke4 Bb2
59.f5 Ba3 60.Nd4 Kd7 61.Nc2 Bb2 62.Ne1 Bc3 63.Nd3 Ke8  1/2-1/2

[Event "Spring op"]
[Site "Budapest"]
[Date "1996.??.??"]
[Round "2"]
[White "Dekic, Josip"]
[Black "Kiss, Fernanda"]
[Result "1-0"]
[WhiteElo "2320"]
[BlackElo "2160"]

1.e4 c5 2.Nf3 e6 3.d4 cxd4 4.Nxd4 a6 5.Bd3 Bc5 6.Nb3 Ba7 7.Qe2 Nc6 8.Be3 Nf6
9.Nc3 O-O 10.O-O-O b5 11.Bxa7 Rxa7 12.e5 b4 13.exf6 bxc3 14.Qh5 g6 15.Qh4 cxb2+
16.Kb1 d5 17.g4 e5 18.g5 Kh8 19.Rhe1 Be6 20.f4 exf4 21.Bxg6 fxg6 22.Rxe6 Nb4
23.c3 Qc8 24.Qe1 Nc6 25.Rxd5 Rd7 26.Rxd7 Qxd7 27.Kxb2 a5 28.Re4 Ra8 29.Nc5 Qd8
30.Ka1 Rb8 31.f7 Nb4 32.Re8+  1-0

[Event "Budapest FS05 GM"]
[Site "Budapest"]
[Date "1996.??.??"]
[Round "2"]
[White "Horvath, Csaba"]
[Black "Fancsy, Imre"]
[Result "1-0"]
[WhiteElo "2540"]
[BlackElo "2365"]

1.e4 c5 2.Nf3 e6 3.d4 cxd4 4.Nxd4 a6 5.Bd3 Qc7 6.O-O Nf6 7.Qe2 d6 8.c4 g6
9.Nc3 Bg7 10.Rd1 O-O 11.Nf3 Nc6 12.h3 Nd7 13.Be3 b6 14.Rac1 Bb7 15.b3 Nc5
16.Bb1 Rad8 17.Qd2 Qb8 18.Bh6 Ba8 19.Nh2 b5 20.Bxg7 Kxg7 21.b4 Na4 22.Nxa4 bxa4
23.a3 e5 24.Nf3 Kh8 25.Qh6 f6 26.Rc3 Qc7 27.Bc2 Ne7 28.Qe3 Rc8 29.Rdd3 Qc6
30.Qd2 Rfd8 31.Qd1 Qc7 32.Re3 f5 33.Ng5 Rg8 34.Qxd6 Qxd6 35.Nf7+ Kg7 36.Nxd6 Rcd8
37.c5 fxe4 38.Bxe4 Bxe4 39.Rxe4 Nc6 40.f4 exf4 41.Rxf4 Rd7 42.Rcf3 Ne5 43.Re3 Nf7
44.Ne8+ Kh8 45.Rf1  1-0

[Event "Budapest FS05 GM"]
[Site "Budapest"]
[Date "1996.??.??"]
[Round "4"]
[White "McDonald, Neil R"]
[Black "Votava, Jan"]
[Result "1-0"]
[WhiteElo "2450"]
[BlackElo "2540"]

1.e4 c5 2.Nf3 e6 3.d4 cxd4 4.Nxd4 a6 5.Bd3 g6 6.c4 Bg7 7.Be3 d6 8.Nc3 Nf6
9.O-O O-O 10.f3 Nc6 11.Qd2 d5 12.exd5 exd5 13.cxd5 Ne5 14.Be2 Nxd5 15.Nxd5 Qxd5
16.b3 Re8 17.Rae1 Qd6 18.Kh1 Bd7 19.h3 Rad8 20.Rd1 Qb8 21.Bg5 f6 22.Be3 b5
23.Bg1 Nf7 24.Qa5 Qb7 25.a4 f5 26.Rfe1 Ra8 27.Bh2 Re7 28.Bg3 Rae8 29.Bf1 Rxe1
30.Bxe1 f4 31.axb5 Bxd4 32.Rxd4 Bxb5 33.Bxb5 Qxb5 34.Bc3 Qxb3 35.Rxf4 Rc8
36.Be1 Qb5 37.Qa2 Qb7 38.Qe6 Rc1 39.Kh2 g5 40.Rf5 Rc6 41.Qe8+ Kg7 42.Rxf7+  1-0

[Event "Budapest FS04 GM"]
[Site "Budapest"]
[Date "1996.??.??"]
[Round "6"]
[White "Videki, Sandor"]
[Black "Tolnai, Tibor"]
[Result "1/2-1/2"]
[WhiteElo "2460"]
[BlackElo "2450"]

1.e4 c5 2.Nf3 e6 3.d4 cxd4 4.Nxd4 a6 5.Bd3 g6 6.O-O Bg7 7.Be3 Ne7 8.Nc3 Nbc6
9.Nxc6 Nxc6 10.Qd2 O-O 11.Bh6 d5 12.Bxg7 Kxg7 13.exd5 exd5 14.Qf4 Be6 15.a3 Rc8  1/2-1/2

[Event "Budapest FS04 GM"]
[Site "Budapest"]
[Date "1996.??.??"]
[Round "8"]
[White "Cao Sang"]
[Black "Tolnai, Tibor"]
[Result "0-1"]
[WhiteElo "2455"]
[BlackElo "2450"]

1.e4 c5 2.Nf3 e6 3.d4 cxd4 4.Nxd4 a6 5.Bd3 g6 6.c4 Bg7 7.Nb3 Ne7 8.O-O Nbc6
9.Nc3 O-O 10.Be2 f5 11.Be3 fxe4 12.Qd2 d5 13.Rad1 b5 14.cxd5 exd5 15.Qc1 d4
16.Nxe4 Bf5 17.Nec5 Qd6 18.Bf4 Qf6 19.Bg5 Qf7 20.Bh6 Bxh6 21.Qxh6 Bc2 22.Rd2 Bxb3
23.Nxb3 Rad8 24.Qh3 Nd5 25.Qg3 Nf4 26.Bd1 Qe7 27.Nc1 Ne5 28.Qb3+ Kg7 29.Be2 d3
30.Nxd3 Rxd3 31.Bxd3 Nf3+ 32.Kh1 Nxd2 33.Qc3+ Qf6 34.Qxd2 Rd8 35.Rc1 Nxd3
36.Rc7+ Kg8 37.Kg1 Qxb2  0-1

[Event "Cannes op"]
[Site "Cannes"]
[Date "1996.??.??"]
[Round "1"]
[White "Gallagher, Joseph G"]
[Black "Kovacevic, Slobodan"]
[Result "1-0"]
[WhiteElo "2525"]
[BlackElo "2355"]

1.e4 c5 2.Nf3 e6 3.d4 cxd4 4.Nxd4 a6 5.Bd3 Nf6 6.O-O d6 7.c4 Be7 8.Nc3 O-O
9.Qe2 Re8 10.Kh1 b6 11.f4 Bb7 12.Bd2 Bf8 13.Nf3 g6 14.e5 Nfd7 15.Ne4 d5 16.cxd5 Bxd5
17.Nfg5 Be7 18.Bc3 Nc5 19.Bc2 Nxe4 20.Nxe4 Bxe4 21.Bxe4 Ra7 22.Qg4 Rc7 23.Rad1 Rd7
24.f5 Bf8 25.fxe6 fxe6 26.h4 Bg7 27.h5 gxh5 28.Qxh5 Bf8 29.Kh2 a5 30.Rf7 Rxf7
31.Rxd8 Rxd8 32.Qg5+  1-0